000 00384nam a22001457a 4500
003 MACL
005 20200722165246.0
008 200722b xxu||||| |||| 00| 0 eng d
040 _cMACL
100 _aSharma,Arun Kumar
_979199
245 _aUrbanization in India Issue & Challenges
260 _aNew Delhi
_bAne Books Pvt.
_c2018
650 _aSocial Science
_979200
942 _2ddc
_cBK
999 _c62788
_d62788